|
|
|
|
| LEADER |
00681ntm a2200169 i 4500 |
| 001 |
misc46828 |
| 005 |
20200508125213.0 |
| 008 |
200508s1909 hu o 0|| hun d |
| 040 |
|
|
|a SZTE Miscellanea Repozitórium
|b hun
|
| 041 |
|
|
|a hun
|
| 245 |
0 |
0 |
|a Sopron vármegye közigazgatási bizottságának javaslata cigányügyben a magyar királyi belügyminiszterhez
|h [elektronikus dokumentum]
|
| 260 |
|
|
|c 1909-05-13
|
| 300 |
|
|
|a 5
|
| 561 |
|
|
|a Herrmann Antal hagyaték
|
| 695 |
|
|
|a cigányügy, kóbor cigányok, cigányok letelepítése, törvényjavaslat
|
| 700 |
0 |
1 |
|a Andrássy Gyula
|
| 856 |
4 |
0 |
|u http://misc.bibl.u-szeged.hu/46828/1/hermann_antal_ms_1934_004_egyeb_065.pdf
|z Dokumentum-elérés
|